Allgemeinwissen - 20 Fragen (Teil 2) - Statistiken

Allgemein
  • Dieses Quiz wurde 254 mal gespielt
    253 seit der letzten Aktualisierung
  • Das Durchschnittsergebnis liegt bei 11 aus 20
Antwortstatistiken
Hint Antwort % Korrekt
Nennen Sie ein europäisches Land, dessen Flagge mindestens 50 % Rot enthält. Albanien / Österreich / Belarus / Dänemark / Lettland / Malta / Nordmazedonien / Norwegen / Polen / Portugal / Spanien / Schweiz / Türkei / Montenegro
96%
Wie heisst das grösste und umsatzstärkste Unternehmen in Wolfsburg? Volkswagen
94%
Welches Land hat die Internet-Domain .ph? Philippinen
84%
Welche Blumen werden in der TV-Dating-Sendung Der Bachelor bzw. Die Bachelorette verteilt? Rosen
84%
Nennen Sie ein Nachbarland von Indien. Pakistan / China / Nepal / Bhutan / Bangladesch / Myanmar
81%
Wie lautet der Vorname der Ehefrau von Homer Simpson? Marge
74%
Womit ist Fleisch durchzogen, wenn es marmoriert ist? Fett
65%
Wie lautet der lateinische Name für den Mond? Luna
64%
Nennen Sie eine Stadt im US-Bundesstaat Texas mit mehr als 1 Million Einwohnern. Houston / Dallas / San Antonio
58%
Auf welche Zahlen setzt ein Spieler beim Roulette, wenn er auf impair wettet? ungerade Zahlen
50%
100 g Putenfleisch (Truthahn) enthalten etwa 100 Kalorien und 20 g ...? Protein / Einweiss
46%
In welchem Land liegt der Grossteil der Atacama-Wueste? Chile
43%
Das Kaninchen Klopfer ist der beste Freund in welcher Zeichentrickserie? Bambi
40%
Nennen Sie einen männlichen Tennisspieler, der seit der Jahrtausendwende einen Grand Slam im Herreneinzel gewonnen hat, ausser Djokovic, Federer und Nadal. Agassi / Kuerten / Ivanisevic / Hewitt / Johansson / Costa / Sampras / Ferrero / Roddick / Gaudio / Safin / Del Potro / Murray / Cilic / Wawrinka / Murray / Sinner / Alcaraz / Thiem
39%
Was ist die SI-Einheit fuer Druck? Pascal
36%
Bob Marley und der fiktive Detektiv Bob Andrews heissen eigentlich wie mit vollem Vornamen? Robert
36%
In welcher US-Grossstadt beginnt die weltberühmte Route 66? Chicago
28%
Welches Fussballteam wird Rojiblancos genannt? Atletico Madrid
26%
Wofür steht die Abkürzung SOS? save our souls / rettet unsere Seelen
24%
In welchem Hafen legte die MSC Titanic ab, bevor sie sank? Southampton
22%
Keine übereinstimmenden Quizze gefunden
Verteilung der Resultate
Anzahl Personen mit jedem Resultat
Perzentil nach korrekt beantworteten Fragen
Ihre Resultats-Entwicklung
Sie haben dieses Quiz seit der letzten Aktualisierung nicht gespielt